banner koha

Avaliacao de areas preparadas para plantio (SOLONU)utilizando dados do Satelite LANDSAT [Ribeirao Preto, Brasil] (Registro n. 35871)

MARC details
000 -LÍDER
campo de controle de tamanho fixo 01219nam a22003497a 4500
001 - NÚMERO DE CONTROLE
campo de controle BR8400323
003 - IDENTIFICADOR DO NÚMERO DE CONTROLE
campo de controle BR-BrBNA
005 - DATA E HORÁRIO DA ÚLTIMA TRANSAÇÃO
campo de controle 20230928091840.0
007 - CAMPO FIXO DE DESCRIÇÃO FÍSICA--INFORMAÇÃO GERAL
campo de controle de tamanho fixo ta
008 - CAMPO DE DADOS FIXOS--INFORMAÇÃO GERAL
campo de controle de tamanho fixo 230509b bl.||||| |||| 00| 0 por d
040 ## - FONTE DA CATALOGAÇÃO
Instituição da catalogação original BR-BrBNA
Idioma da catalogação por
Instituição que transcreveu o registro Biblioteca Nacional de Agricultura
041 ## - CÓDIGO DE IDIOMA
Código do idioma do texto/trilha sonora ou título diferente (Por)
072 ## - CÓDIGO DE CATEGORIA DE ASSUNTO
Código de Categoria de Assunto F00; F20
Código do objeto /G514
090 ## - NÚMERO DE CHAMADA LOCAL
-- F00 BR8400323
100 1# - ENTRADA PRINCIPAL--NOME PESSOAL
Nome pessoal Assuncao, G.V. de
100 1# - ENTRADA PRINCIPAL--NOME PESSOAL
Nome pessoal Duarte, V.
110 1# - ENTRADA PRINCIPAL--NOME CORPORATIVO
Nome corporativo ou nome da jurisdição Instituto de Pesquisas Espaciais, Sao Jose dos Campos, SP (Brasil)
Grau Universitário Tese (Mestrado)
245 1# - TÍTULO
Título Avaliacao de areas preparadas para plantio (SOLONU)utilizando dados do Satelite LANDSAT [Ribeirao Preto, Brasil]
Restante do título INPE-2637-TDL-113
246 1# - FORMA VARIANTE DO TÍTULO
Título/título abreviado [Evaluation of areas prepared for planting (SOLONU)using LANDSAT data [Ribeirao Preto, Brazil]]
Restante do título INPE-2637 TDL/113
260 3# - PUBLICAÇÃO, DISTRIBUIÇÃO, ETC.
Local de publicação, distribuição, etc. Sao Jose dos Campos, SP (Brasil):
Data da publicação, distribuição, etc. 1983.
300 ## - DESCRIÇÃO FÍSICA
Extensão 75 p.
500 ## - NOTA GERAL
Nota geral 5 illus.; 11 tables; 2 Maps, scale 1:20,000; Summaries (Eng, Por)
650 ## - ASSUNTO--TERMO TÓPICO
Cabeçalho tópico ou nome geográfico PRODUCAO VEGETAL
650 ## - ASSUNTO--TERMO TÓPICO
Cabeçalho tópico ou nome geográfico PEDOLOGIA
650 ## - ASSUNTO--TERMO TÓPICO
Cabeçalho tópico ou nome geográfico PLANTIO
650 ## - ASSUNTO--TERMO TÓPICO
Cabeçalho tópico ou nome geográfico AEROFOTOGRAMETRIA
650 ## - ASSUNTO--TERMO TÓPICO
Cabeçalho tópico ou nome geográfico SENSORIAMENTO REMOTO
650 ## - ASSUNTO--TERMO TÓPICO
Cabeçalho tópico ou nome geográfico RIBEIRAO PRETO
650 ## - ASSUNTO--TERMO TÓPICO
Cabeçalho tópico ou nome geográfico SAO PAULO
909 ## -
-- 202309
-- Lucia
-- 55
-- Lucia Elande
942 ## - ELEMENTOS DE ENTRADA ADICIONADOS (KOHA)
Tipo de material Koha Livros
Exemplares
Situação do descarte Fonte da classificação ou esquema de arquivamento na estante Situação física Não pode ser emprestado Coleção Biblioteca de origem Biblioteca atual Total de empréstimos Número de telefone completo Código de barras Data de último acesso Número do exemplar Tipo de material Koha Situação das perdas Data de aquisição Fonte de aquisição
  Classificação AGRIS       Biblioteca Nacional de Agricultura - Binagri Biblioteca Nacional de Agricultura - Binagri   F00 BR8400323 F00 BR8400323 25/09/2023 01 Livros   2023-09-25 Portaria Interministerial nº 164/94

BINAGRI

Telefone: (61)3218-2567/2388/3357/2097 - binagri@agro.gov.br

Ministério da Agricultura e Pecuária , Esplanada dos Ministérios, Bloco D, Anexo B, Brasília/DF, CEP: 70.043-900